Injuries to the major branches of peripheral nerves of the forearm.

Bibliographic Details
Main Author: Spinner, Morton, 1928-
Format: Book
Language:English
Published: Philadelphia : W.B. Saunders Co., 1972.
Subjects:

MARC

Tag First Indicator Second Indicator Subfields
LEADER 00000cam a2200000 4500
001 in00000290313
005 20160106094856.0
008 720315s1972 paua b 00100 eng
010 |a  70176217  
020 |a 0721685196 
035 |a (OCoLC)00278144 
035 |9 ABG2426AM 
040 |a DLC  |c DLC  |d TXA  |d UtOrBLW 
049 |a TXAM  |c [1145797] 
050 0 |a RD557  |b .S65 
082 0 |a 617/.1 
100 1 |a Spinner, Morton,  |d 1928- 
245 1 0 |a Injuries to the major branches of peripheral nerves of the forearm. 
264 1 |a Philadelphia :  |b W.B. Saunders Co.,  |c 1972. 
300 |a x, 141 pages :  |b illustrations ;  |c 26 cm. 
336 |a text  |b txt  |2 rdacontent 
337 |a unmediated  |b n  |2 rdamedia 
338 |a volume  |b nc  |2 rdacarrier 
500 |a With a translation of J. Tinel's original "Fourmillement" paper by E. B. Kaplan (pages 8-11). 
504 |a Includes bibliographies. 
650 0 |a Arm  |x Wounds and injuries. 
650 0 |a Nerves, Peripheral  |x Wounds and injuries. 
999 |a MARS 
999 f f |s 8f380bf0-adfe-395f-8931-88fe4048e285  |i d9238630-8879-38d2-9322-333295172e73  |t 0 
952 f f |p ric  |a Texas A&M University  |b Rellis Campus  |c Joint Library Facility  |d Remote Storage  |t 0  |e RD557 .S65  |h Library of Congress classification  |i unmediated -- volume  |m A14805135687 
998 f f |a RD557 .S65  |t 0  |l Remote Storage